000 00837nam a22002777a 4500
001 BR9001507
003 BR-BrBNA
005 20230928093417.0
007 ta
008 230509b bl.||||| |||| 00| 0 por d
040 _aBR-BrBNA
_bpor
_cBiblioteca Nacional de Agricultura
041 _a(Por)
072 _aL73
_b3910
_b4110
_b/G514
090 _ 3910 BR9001507
100 1 _aLobato, F.C.F.
110 1 _aUniversidade Federal de Minas Gerais, Belo Horizonte (Brasil). Escola de Veterinaria
_0Tese (Mestrado)
245 1 _aAvaliacao de imunogenos antibotulinicos em uso no Brasil
260 3 _aBelo Horizonte, MG (Brasil):
_c1989.
300 _a71 p.
500 _a42 ref.; Summary (Por); 15 tables
650 _aBOTULISMO
650 _aVACINA
650 _aIMUNIZACAO
909 _a202309
_bLucia
_c55
_dLucia Elande
942 _cBK
999 _c44821
_d44821